000 00372 a2200145 4500
001 163498
020 _a
040 _cMagnum
100 _aMocellin, Renato
240 1 0 _aAs reacoes armadas ao regime de 64: guerrilha ou terror ?
_lpor
245 1 0 _aAs reacoes armadas ao regime de 64: guerrilha ou terror ?
362 0 _a1899
697 _aPARADIDATICO
942 _cBK
999 _c163498
_d163498